000 00330nam a2200133Ia 4500
008 240624s9999 xx 000 0 und d
041 _aeng
082 _a823 ALI
100 _aALI AGHA SHAHID
245 _aVEILED SUITE THE COLLECTED POEMS
260 _c2010
_aNew Delhi
_bPenguin Books India
300 _a400 : p.
365 _cRS
999 _c17173
_d17173